Distance préfecture de région / préfectures de département - Statistiques

Statistiques générales
  • Ce quiz a été pris 27 fois
    21 depuis la dernière actualisation
  • Le résultat moyen est 71 sur 96
Statistiques - réponses
Région pREF KM % Correct
Auvergne-Rhône-Alpes Lyon 136 Clermont-Ferrand
100%
Auvergne-Rhône-Alpes Lyon 95 Grenoble
100%
Auvergne-Rhône-Alpes Lyon 0 Lyon
100%
Auvergne-Rhône-Alpes Lyon 49 Saint-Etienne
100%
Bourgogne-Franche-Comté Dijon 0 Dijon
94%
Bretagne Rennes 0 Rennes
94%
Auvergne-Rhône-Alpes Lyon 102 Annecy
88%
Nouvelle-Aquitaine Bordeaux 0 Bordeaux
88%
Auvergne-Rhône-Alpes Lyon 58 Bourg-en-Bresse
88%
Centre-Val-de-Loire Orléans 0 Orléans
88%
Ile-de-France Paris 0 Paris
88%
Nouvelle-Aquitaine Bordeaux 173 Pau
88%
Bretagne Rennes 181 Quimper
88%
Bretagne Rennes 95 Vannes
88%
Corse Ajaccio 0 Ajaccio
81%
Pays-de-la-Loire Nantes 81 Angers
81%
Auvergne-Rhône-Alpes Lyon 208 Aurillac
81%
Provence-Alpes-côte d'Azur Marseille 86 Avignon
81%
Corse Ajaccio 104 Bastia
81%
Bourgogne-Franche-Comté Dijon 141 Belfort
81%
Bourgogne-Franche-Comté Dijon 75 Besançon
81%
Normandie Rouen 110 Caen
81%
Auvergne-Rhône-Alpes Lyon 87 Chambéry
81%
Pays-de-la-Loire Nantes 62 La Roche-sur-Yon
81%
Hauts-de-France Lille 0 Lille
81%
Nouvelle-Aquitaine Bordeaux 182 Limoges
81%
Provence-Alpes-côte d'Azur Marseille 0 Marseille
81%
Grand Est Strasbourg 130 Metz
81%
Nouvelle-Aquitaine Bordeaux 106 Mont-de-Marsan
81%
Auvergne-Rhône-Alpes Lyon 146 Moulins
81%
Grand Est Strasbourg 116 Nancy
81%
Pays-de-la-Loire Nantes 0 Nantes
81%
Provence-Alpes-côte d'Azur Marseille 160 Nice
81%
Normandie Rouen 0 Rouen
81%
Normandie Rouen 163 Saint-Lô
81%
Grand Est Strasbourg 0 Strasbourg
81%
Provence-Alpes-côte d'Azur Marseille 49 Toulon
81%
Centre-Val-de-Loire Orléans 108 Tours
81%
Hauts-de-France Lille 99 Amiens
75%
Nouvelle-Aquitaine Bordeaux 107 Angoulême
75%
Hauts-de-France Lille 43 Arras
75%
Hauts-de-France Lille 152 Beauvais
75%
Centre-Val-de-Loire Orléans 99 Bourges
75%
Occitanie Toulouse 85 Carcassonne
75%
Centre-Val-de-Loire Orléans 122 Châteauroux
75%
Grand Est Strasbourg 63 Colmar
75%
Ile-de-France Paris 26 Évry-Courcouronnes
75%
Nouvelle-Aquitaine Bordeaux 153 La Rochelle
75%
Pays-de-la-Loire Nantes 111 Laval
75%
Pays-de-la-Loire Nantes 158 Le Mans
75%
Occitanie Toulouse 196 Montpellier
75%
Bourgogne-Franche-Comté Dijon 147 Nevers
75%
Occitanie Toulouse 236 Nîmes
75%
Nouvelle-Aquitaine Bordeaux 165 Niort
75%
Nouvelle-Aquitaine Bordeaux 109 Périgueux
75%
Occitanie Toulouse 155 Perpignan
75%
Nouvelle-Aquitaine Bordeaux 206 Poitiers
75%
Auvergne-Rhône-Alpes Lyon 115 Privas
75%
Bretagne Rennes 92 Saint-Brieuc
75%
Occitanie Toulouse 0 Toulouse
75%
Nouvelle-Aquitaine Bordeaux 191 Tulle
75%
Auvergne-Rhône-Alpes Lyon 81 Valence
75%
Bourgogne-Franche-Comté Dijon 122 Auxerre
69%
Centre-Val-de-Loire Orléans 56 Blois
69%
Ile-de-France Paris 9 Bobigny
69%
Ile-de-France Paris 32 Cergy
69%
Centre-Val-de-Loire Orléans 68 Chartres
69%
Ile-de-France Paris 42 Melun
69%
Ile-de-France Paris 11 Nanterre
69%
Grand Est Strasbourg 273 Troyes
69%
Ile-de-France Paris 17 Versailles
69%
Bourgogne-Franche-Comté Dijon 90 Vesoul
69%
Nouvelle-Aquitaine Bordeaux 119 Agen
63%
Occitanie Toulouse 67 Albi
63%
Normandie Rouen 134 Alençon
63%
Grand Est Strasbourg 191 Bar-le-Duc
63%
Grand Est Strasbourg 252 Châlons-en-Champagne
63%
Grand Est Strasbourg 257 Charleville-Mézières
63%
Ile-de-France Paris 11 Créteil
63%
Provence-Alpes-côte d'Azur Marseille 113 Digne-les-Bains
63%
Grand Est Strasbourg 106 Epinal
63%
Normandie Rouen 46 Evreux
63%
Occitanie Toulouse 72 Foix
63%
Hauts-de-France Lille 126 Laon
63%
Auvergne-Rhône-Alpes Lyon 108 Le-Puy-en-Velay
63%
Bourgogne-Franche-Comté Dijon 82 Lons-le-Saunier
63%
Bourgogne-Franche-Comté Dijon 114 Mâcon
63%
Occitanie Toulouse 47 Montauban
63%
Occitanie Toulouse 118 Tarbes
63%
Provence-Alpes-côte d'Azur Marseille 152 Gap
56%
Occitanie Toulouse 123 Rodez
56%
Occitanie Toulouse 69 Auch
50%
Occitanie Toulouse 94 Cahors
50%
Grand Est Strasbourg 200 Chaumont
50%
Nouvelle-Aquitaine Bordeaux 242 Guéret
50%
Occitanie Toulouse 193 Mende
44%
Aucun quiz correspondant
Distribution des résultats
% des personnes avec chaque résultat
Percentile par nombre de réponses
Votre historique - résultats
Vous n’avez pas pris ce quiz depuis la dernière actualisation